000 00600nam a2200181Ia 4500
008 100920s9999 xx 000 0 und d
082 _b90587
_a28 व 891 थ 97
100 _aकुलकर्णी नलिनी.
245 _aजादूचा दिवा.
260 _bअमोल प्रकाशन, पुणे.
_c1997
300 _a16
_bसाधी
365 _b3
520 _aबा.वि.लघुकथा.
630 _aजादूचा दिवा.
650 _aबा.वि.लघुकथा.
730 _aजादूचा दिवा.
942 _cBOOK
999 _c731072
_d731069